000 00725nam a22002057a 4500
005 20251108175738.0
008 250721s2018 xx 000 0 ara d
082 1 4 _aط/574.5/شار
100 1 _aشارما، ريتشا
245 1 0 _aماهو التلوث : الدخان الضخان الضباب الدخاني و المزيد :
_bتلوث الهواء /
264 1 _aبيروت :
_bالمكتبة الحديثة ناشرون،
_c2018.
300 _a16ص.
490 0 _aسلسلة انا صديق البيئة
650 1 7 _aالبيئة
650 1 7 _aالتلوث البيئي
653 _aناشئون صغار (10-14)
700 1 _aنظام، مريم
_eمترجم
942 _2ddc
_cBK
999 _c141403
_d141403